| 000 | 00762nam a22001217a 4500 | ||
|---|---|---|---|
| 040 | _cRUA | ||
| 082 | _aLMA NAR 2024 B701 Or.1 | ||
| 100 | _aNARITH ERIC, ណារិទ្ធ អ៊ែរិក | ||
| 245 | _aThe Study Of Procedures Foer Land Management In Systematic Land Registration In Phnum Den Commune, Kirivong District, Takeo Province,ការសិក្សាអំពីនីតិវិធីនៃការរៀបចំដែនដី ក្នុងការចុះបញ្ចីដីធ្លី មានលក្ខណៈជាប្រព័ន្ធ នៅឃុំភ្នំដិន ស្រុកគិរីវង់ ខេត្តតាកែវ | ||
| 260 |
_aPHNOM PENH _bRUA _c2024 |
||
| 300 |
_ax, _bill, _c29cm, |
||
| 942 | _cLMA | ||
| 999 |
_c25332 _d25332 |
||